[Event "Ì15Ï"]
[Site "Loo"]
[Date "2017.04.28"]
[Round "9.23"]
[White "Ãàëè÷êèí, Èëüÿ."]
[Black "Ëèñèìåíêî, Ðóñëàí."]
[Result "1-0"]
[WhiteElo "1851"]
[BlackElo "1733"]
[PlyCount "85"]
[EventDate "2017.04.20"]

1. e4 d5 2. exd5 Qxd5 3. Nc3 Qd6 4. g3 Nf6 5. Bg2 g6 6. d4 c6 7. Nge2 Bg7 8.
O-O Bg4 9. h3 Bxe2 10. Nxe2 e6 11. Bf4 Qe7 12. c4 O-O 13. Qb3 Rd8 14. Rad1 Na6
15. Nc3 Rd7 16. Rfe1 Nh5 17. Be3 Rad8 18. g4 Nf6 19. d5 cxd5 20. cxd5 Qb4 21.
Qxb4 Nxb4 22. dxe6 fxe6 23. Bxa7 Rxd1 24. Rxd1 Rxd1+ 25. Nxd1 Nfd5 26. a3 Nd3
27. b4 Kf7 28. Ne3 N3f4 29. Bf1 Bb2 30. Nc4 Bc1 31. b5 Ke7 32. Bc5+ Kd7 33. a4
Nc3 34. a5 Nfe2+ 35. Kh1 Ne4 36. a6 bxa6 37. bxa6 Kc8 38. a7 Kb7 39. Bg2 N2c3
40. Nd6+ Kc6 41. a8=Q+ Kxc5 42. Nxe4+ Nxe4 43. Bxe4 1-0

[Event "Ì15Ï"]
[Site "Loo"]
[Date "2017.04.28"]
[Round "9.24"]
[White "Ïåòðîâ, Íèêîëàé."]
[Black "Öûáóëüêèí, Èâàí."]
[Result "0-1"]
[WhiteElo "1832"]
[BlackElo "1734"]
[PlyCount "80"]
[EventDate "2017.04.20"]

1. e4 d5 2. exd5 Nf6 3. d4 Bg4 4. Be2 Bxe2 5. Nxe2 Qxd5 6. O-O Nc6 7. Nbc3 Qf5
8. Ng3 Qg6 9. Nce2 h5 10. Nf4 Qh7 11. c3 O-O-O 12. Qb3 e6 13. Nh3 Be7 14. Bg5
Nd5 15. Bxe7 Ndxe7 16. Ng5 Qg6 17. h4 Rd5 18. Ne2 Rxg5 19. hxg5 Qxg5 20. Qc2
Qh6 21. Qc1 Qf6 22. Qf4 Nf5 23. Ng3 g5 24. Qd2 g4 25. Nxf5 exf5 26. Rfe1 h4 27.
d5 Nd8 28. Qe3 Qg6 29. Qxa7 g3 30. Qa8+ Kd7 31. Qa4+ Kc8 32. Re7 gxf2+ 33. Kh1
Qa6 34. Qd7+ Kb8 35. Qxc7+ Ka8 36. Qc8+ Ka7 37. Qc7 f1=Q+ 38. Rxf1 Qxf1+ 39.
Kh2 Rh6 40. c4 h3 0-1

[Event "Ì15Ï"]
[Site "Loo"]
[Date "2017.04.28"]
[Round "9.25"]
[White "Ñàäîâíèêîâ, Êîíñòàíòèí."]
[Black "Ãàãëàçîâ, Ìèõàèë."]
[Result "1-0"]
[WhiteElo "1826"]
[BlackElo "1550"]
[PlyCount "55"]
[EventDate "2017.04.20"]

1. e4 e6 2. d4 d5 3. e5 c5 4. c3 Qb6 5. Nf3 Nc6 6. Be2 Bd7 7. O-O cxd4 8. cxd4
Nge7 9. Na3 Nf5 10. Nc2 Be7 11. g4 Nh6 12. h3 Ng8 13. Rb1 f6 14. Be3 Nb4 15.
Nxb4 Bxb4 16. a3 Be7 17. b4 Bb5 18. Bf4 Bd8 19. Re1 Kd7 20. a4 Bxe2 21. Qxe2 g5
22. a5 Qa6 23. b5 Qxa5 24. exf6 Qb6 25. Ne5+ Ke8 26. f7+ Ke7 27. Bxg5+ Kd6 28.
f8=Q+ 1-0

[Event "Ì15Ï"]
[Site "Loo"]
[Date "2017.04.28"]
[Round "9.26"]
[White "Çàêèðîâ, Àðòóð."]
[Black "Âëàñîâ, Àëåêñàíäð."]
[Result "1-0"]
[WhiteElo "1619"]
[BlackElo "1808"]
[PlyCount "43"]
[EventDate "2017.04.20"]

1. e4 e6 2. d4 d5 3. Nc3 Bb4 4. e5 c5 5. a3 Ba5 6. Nf3 cxd4 7. Qxd4 Nc6 8. Bb5
Nge7 9. b4 Bb6 10. Qg4 Nf5 11. Bb2 Bd7 12. Bd3 h5 13. Qf4 Nfd4 14. Ng5 Qe7 15.
Na4 Bc7 16. c4 Nxb4 17. Nc5 Ndc6 18. Nf3 g5 19. Qxg5 Qxg5 20. Nxg5 Bxe5 21. Rd1
Rg8 22. Nb3 1-0

[Event "Ì15Ï"]
[Site "Loo"]
[Date "2017.04.28"]
[Round "9.27"]
[White "Áîéêî, Èãîðü."]
[Black "Òðàùåíêî, Äàìèð."]
[Result "1-0"]
[WhiteElo "1649"]
[BlackElo "1805"]
[PlyCount "49"]
[EventDate "2017.04.20"]

1. Nf3 Nf6 2. c4 c6 3. e3 d5 4. Nc3 Bf5 5. d4 e6 6. Bd3 Bxd3 7. Qxd3 Nbd7 8. b3
Bd6 9. O-O O-O 10. e4 dxe4 11. Nxe4 Nxe4 12. Qxe4 Nf6 13. Qe2 Qe7 14. Bg5 h6
15. Bh4 Rfe8 16. Ne5 Kh7 17. f4 Qd8 18. Nxf7 Qc7 19. Qd3+ Kg8 20. Nxh6+ gxh6
21. Bxf6 Qf7 22. Be5 Be7 23. f5 Qh7 24. Qg3+ Kf7 25. fxe6+ 1-0

[Event "Ì15Ï"]
[Site "Loo"]
[Date "2017.04.28"]
[Round "9.28"]
[White "Øêðåáêî, Ìèõàèë."]
[Black "Èâëåâ, Àëåêñàíäð."]
[Result "0-1"]
[WhiteElo "1468"]
[BlackElo "1778"]
[PlyCount "66"]
[EventDate "2017.04.20"]

1. d4 Nf6 2. c4 e6 3. g3 Bb4+ 4. Bd2 Bxd2+ 5. Qxd2 d5 6. Bg2 b6 7. Nf3 Bb7 8.
O-O O-O 9. Nc3 Na6 10. cxd5 exd5 11. Rac1 Qe7 12. e3 Rfd8 13. Ne5 c5 14. a3 Nc7
15. Bh3 Ne6 16. f4 Ne8 17. Qf2 f6 18. Nf3 Nd6 19. Na4 Ne4 20. Qe2 c4 21. Nc3
Nxc3 22. Bxe6+ Qxe6 23. bxc3 Re8 24. Rce1 Re7 25. Kf2 Rae8 26. h4 Qf7 27. Qd2
Bc6 28. Rg1 h5 29. Nh2 Kh8 30. Rg2 b5 31. Qe2 Bd7 32. Qf1 Bf5 33. Qe2 Be4 0-1

[Event "Ì15Ï"]
[Site "Loo"]
[Date "2017.04.28"]
[Round "9.29"]
[White "Áîêòàåâ, Àäüÿí."]
[Black "Àéðàïåòÿí, Òèãðàí."]
[Result "1-0"]
[WhiteElo "1759"]
[BlackElo "1683"]
[PlyCount "43"]
[EventDate "2017.04.20"]

1. d4 d5 2. c4 e6 3. Nc3 Nf6 4. Nf3 Bb4 5. Bd2 O-O 6. e3 b6 7. cxd5 exd5 8. Bd3
Bb7 9. O-O Re8 10. Ne5 Bd6 11. f4 a6 12. Qf3 c5 13. g4 Rf8 14. g5 Bxe5 15. dxe5
Ne8 16. Qh5 g6 17. Qh6 Nc6 18. Rf3 f5 19. gxf6 Qd7 20. Bxg6 hxg6 21. Qxg6+ Ng7
22. Rh3 1-0

[Event "Ì15Ï"]
[Site "Loo"]
[Date "2017.04.28"]
[Round "9.30"]
[White "Øèëüíèêîâ, Àíòîí."]
[Black "Ìàðåâè÷åâ, Åãîð."]
[Result "1-0"]
[WhiteElo "1757"]
[BlackElo "1488"]
[PlyCount "47"]
[EventDate "2017.04.20"]

1. e4 e5 2. Nf3 Nc6 3. Bc4 Bc5 4. b4 Bb6 5. a4 a5 6. b5 Nd4 7. Bb2 Nxf3+ 8.
Qxf3 Qe7 9. Qg3 Nf6 10. d3 d6 11. O-O O-O 12. Nc3 c6 13. Ba3 Bd4 14. Bb2 Bb6
15. Rab1 Rd8 16. Ba3 Qc7 17. Bc1 d5 18. Bg5 Nxe4 19. dxe4 dxe4 20. Bf6 g6 21.
bxc6 bxc6 22. Qg5 Rd6 23. Bxe5 Qd8 24. Qxd8+ 1-0

[Event "Ì15Ï"]
[Site "Loo"]
[Date "2017.04.28"]
[Round "9.31"]
[White "Áóíèàòÿí, Äàâèä."]
[Black "Íîâèêîâ, Àëåêñåé."]
[Result "0-1"]
[WhiteElo "1648"]
[BlackElo "1927"]
[PlyCount "94"]
[EventDate "2017.04.20"]

1. e4 e5 2. Bc4 Nf6 3. d4 exd4 4. Nf3 Nc6 5. O-O Nxe4 6. Re1 d5 7. Bxd5 Qxd5 8.
Nc3 Qa5 9. Nxe4 Be6 10. Neg5 O-O-O 11. Nxe6 fxe6 12. Rxe6 Qd5 13. Qe2 h6 14.
Bf4 Bc5 15. a3 Rhf8 16. Re4 g5 17. Bg3 h5 18. h3 g4 19. hxg4 hxg4 20. Rxg4 Rg8
21. Rxg8 Rxg8 22. Qd3 Bd6 23. Bxd6 cxd6 24. Qh7 Ne5 25. Qh3+ Kb8 26. Nxe5 dxe5
27. Rd1 Qe4 28. Rc1 a6 29. g3 Rc8 30. Qg2 Qg4 31. f3 Qf5 32. Qe2 d3 33. Qe3
dxc2 34. Kf2 Ka8 35. Qe4 Qh5 36. Kg2 Rh8 37. Qh4 Qe8 38. Qe4 Rh6 39. Qxc2 Rh8
40. Qf5 Qd8 41. Qc2 Qb6 42. Qc3 Qh6 43. Qe1 Qh2+ 44. Kf1 Qxb2 45. Kg1 e4 46.
fxe4 Qh2+ 47. Kf1 Rf8+ 0-1

[Event "Ì15Ï"]
[Site "Loo"]
[Date "2017.04.28"]
[Round "9.32"]
[White "Áóþêëè, Åãîð."]
[Black "Íîâèêîâ, Èâàí."]
[Result "1-0"]
[WhiteElo "1823"]
[BlackElo "1649"]
[PlyCount "51"]
[EventDate "2017.04.20"]

1. d4 Nf6 2. Nc3 g6 3. Bf4 Bg7 4. e3 O-O 5. h4 h5 6. Bd3 d6 7. Qd2 c6 8. O-O-O
b5 9. Kb1 a5 10. f3 a4 11. e4 b4 12. Nce2 Qb6 13. e5 dxe5 14. dxe5 Nd5 15. g4
hxg4 16. h5 b3 17. h6 bxa2+ 18. Kxa2 a3 19. b3 Nxf4 20. hxg7 g5 21. gxf8=Q+
Kxf8 22. Nxf4 gxf4 23. Qxf4 e6 24. Rh8+ Ke7 25. Qf6+ Kd7 26. Ba6+ 1-0

[Event "Ì15Ï"]
[Site "Loo"]
[Date "2017.04.28"]
[Round "9.33"]
[White "Æóðàâëåâ, Èãíàò."]
[Black "Íîâèêîâ, Ðîìàí."]
[Result "0-1"]
[WhiteElo "1638"]
[BlackElo "1781"]
[PlyCount "112"]
[EventDate "2017.04.20"]

1. e4 d6 2. d4 e5 3. dxe5 dxe5 4. Bd3 Be6 5. Nf3 f6 6. Be3 Nd7 7. Nbd2 Bc5 8.
Qe2 Bxe3 9. Qxe3 Qe7 10. Nb3 Nh6 11. h3 Nf7 12. Rd1 O-O 13. O-O Rfd8 14. Rfe1
a5 15. Nc1 Nd6 16. b3 Rac8 17. c4 b6 18. Bc2 Nc5 19. Nd2 Ndb7 20. Nb1 Rxd1 21.
Rxd1 Rd8 22. Qe2 Rd4 23. Nc3 c6 24. Qe1 Qd6 25. N1e2 Rxd1 26. Qxd1 Qxd1+ 27.
Bxd1 Nd6 28. Bc2 b5 29. cxb5 cxb5 30. f3 b4 31. Nb1 Kf7 32. Kf2 Bc8 33. Nc1 Ne6
34. Bd3 Nd4 35. Ne2 Nc6 36. Ke3 Be6 37. Kd2 Ke7 38. Ke3 Kd7 39. Kd2 Kc7 40. Ke3
Kb6 41. Nd2 Kc5 42. Kf2 a4 43. Ke3 Na5 44. Nc1 a3 45. Ba6 Nc6 46. Ne2 f5 47.
Bd3 f4+ 48. Kf2 Nd4 49. Nc1 N6b5 50. Ke1 Nc3 51. Kf2 Nxa2 52. Nxa2 Nxb3 53.
Nxb3+ Bxb3 54. Nc1 Be6 55. Bb1 b3 56. Ke2 a2 0-1

[Event "Ì15Ï"]
[Site "Loo"]
[Date "2017.04.28"]
[Round "9.34"]
[White "Ñòåïàíîâ, Ñåðãåé."]
[Black "Áóêàòèí, Àðñåíèé."]
[Result "0-1"]
[WhiteElo "1406"]
[BlackElo "1772"]
[PlyCount "88"]
[EventDate "2017.04.20"]

1. e4 e5 2. Nf3 Nc6 3. Nc3 Bc5 4. Bc4 Nf6 5. d3 d6 6. h3 a6 7. Bg5 h6 8. Bh4 g5
9. Bg3 Be6 10. Nd5 Bxd5 11. exd5 Nd4 12. Nxd4 Bxd4 13. c3 Bb6 14. Qf3 Qe7 15.
O-O-O O-O-O 16. Qf5+ Nd7 17. Rhe1 Qf6 18. Qxf6 Nxf6 19. f3 Rde8 20. Re2 Nh5 21.
Bf2 Bxf2 22. Rxf2 Ng3 23. d4 f5 24. dxe5 Rxe5 25. f4 Re3 26. Rd3 Rhe8 27. Rxe3
Rxe3 28. Kd2 Re4 29. Rf3 Rxc4 30. Rxg3 Rxf4 31. Rf3 Rxf3 32. gxf3 Kd7 33. Ke3
Ke7 34. f4 Kf6 35. Kf3 h5 36. Kg3 g4 37. h4 Ke7 38. Kf2 Kd7 39. Ke3 c6 40. c4
b5 41. b3 bxc4 42. bxc4 cxd5 43. cxd5 Kc7 44. Kd4 Kb6 0-1

[Event "Ì15Ï"]
[Site "Loo"]
[Date "2017.04.28"]
[Round "9.35"]
[White "Êðàâöîâ, Ìàêñèì."]
[Black "Êîíîâàëîâ, Àëåêñåé."]
[Result "1-0"]
[WhiteElo "1766"]
[BlackElo "1581"]
[PlyCount "69"]
[EventDate "2017.04.20"]

1. d4 Nf6 2. c4 e6 3. Nf3 Bb4+ 4. Bd2 Bxd2+ 5. Nbxd2 b6 6. e3 Bb7 7. Bd3 d5 8.
Qc2 h6 9. O-O O-O 10. Rac1 Nbd7 11. c5 c6 12. e4 bxc5 13. dxc5 e5 14. Rfe1 Rc8
15. b4 Re8 16. Qb2 Qc7 17. exd5 cxd5 18. Bf5 e4 19. Nd4 Qe5 20. N2f3 Qf4 21. g3
Qc7 22. c6 exf3 23. Rxe8+ Nxe8 24. Bxd7 Ba6 25. Bxc8 Qxc8 26. b5 Qh3 27. Nxf3
Bc8 28. Qe2 Nf6 29. Ne5 Ne4 30. f3 Ng5 31. a4 f6 32. Nd3 Qf5 33. Nf4 Nf7 34.
Qe8+ Kh7 35. Qxf7 1-0

[Event "Ì15Ï"]
[Site "Loo"]
[Date "2017.04.28"]
[Round "9.36"]
[White "Áîíäàðåíêî, Àðò¸ì."]
[Black "Äîðîôååâ, Äåíèñ."]
[Result "0-1"]
[WhiteElo "1720"]
[BlackElo "1581"]
[PlyCount "50"]
[EventDate "2017.04.20"]

1. e4 c5 2. Nf3 Nc6 3. d4 cxd4 4. Nxd4 Nf6 5. Nc3 d6 6. Be2 Bd7 7. Be3 g6 8. f3
Bg7 9. Qd2 Rc8 10. O-O-O Ne5 11. Bh6 O-O 12. h4 Nc4 13. Bxc4 Rxc4 14. h5 Rxd4
15. Qxd4 Bxh6+ 16. Kb1 Bg7 17. hxg6 fxg6 18. Qe3 Qa5 19. g4 Be6 20. a3 b5 21.
Nd5 Rf7 22. Nxf6+ Bxf6 23. g5 Be5 24. Rdf1 b4 25. axb4 Qa2+ 0-1

[Event "Ì15Ï"]
[Site "Loo"]
[Date "2017.04.28"]
[Round "9.37"]
[White "Ùåïåòíîâ, Åãîð."]
[Black "Äÿòëîâ, Îëåã."]
[Result "1/2-1/2"]
[WhiteElo "1711"]
[BlackElo "1549"]
[PlyCount "50"]
[EventDate "2017.04.20"]

1. d4 f5 2. e4 fxe4 3. Nc3 Nf6 4. Bg5 g6 5. Bxf6 exf6 6. Bc4 Bb4 7. d5 Bxc3+ 8.
bxc3 d6 9. h4 h6 10. Rb1 b6 11. Bb5+ Kf7 12. f3 Qe7 13. f4 h5 14. Qd4 Bg4 15.
Nh3 Bxh3 16. Rxh3 Nd7 17. Bxd7 Qxd7 18. Qc4 a5 19. Re3 Rhe8 20. Kf1 f5 21. a4
Re7 22. Rbe1 Ree8 23. Rb1 Re7 24. Rbe1 Ree8 25. Rb1 Re7 1/2-1/2

[Event "Ì15Ï"]
[Site "Loo"]
[Date "2017.04.28"]
[Round "9.38"]
[White "Ïðèùåíêî, Àíäðåé."]
[Black "ßäèãàðîâ, Àéâàç."]
[Result "0-1"]
[WhiteElo "1280"]
[BlackElo "1699"]
[PlyCount "106"]
[EventDate "2017.04.20"]

1. e4 c5 2. c3 d5 3. exd5 Qxd5 4. d4 Nf6 5. Be3 Ng4 6. c4 Nxe3 7. fxe3 Qe4 8.
Qd2 cxd4 9. Qxd4 Qxd4 10. exd4 Nc6 11. Nf3 Bg4 12. Nbd2 e6 13. a3 O-O-O 14. Ne5
Nxd4 15. Nxg4 Nc2+ 16. Ke2 Nxa1 17. Ne5 f6 18. Nf7 Bd6 19. Nxh8 Rxh8 20. Kd3
Be5 21. b4 Rd8+ 22. Ke2 Nc2 23. Nf3 Bf4 24. Kf2 Rd1 25. g3 Bc7 26. Bg2 Rxh1 27.
Bxh1 Nxa3 28. Nd4 e5 29. Ne6 Nxc4 30. Nxg7 Bd6 31. Bd5 Nb6 32. Be6+ Kd8 33. b5
a6 34. Bf5 h6 35. bxa6 bxa6 36. Bd3 a5 37. Nf5 Bf8 38. Ke2 a4 39. Kd2 Kc7 40.
Bb5 a3 41. Kc2 Nd5 42. Kb3 Ne7 43. Ne3 Kb6 44. Bd3 Kc5 45. Ng4 Bg7 46. Kxa3 f5
47. Nf2 Kd4 48. Kb3 Ke3 49. Bxf5 Kxf2 50. Be4 Ke3 51. Bb1 e4 52. Kc4 Kf3 53.
Bc2 e3 0-1

[Event "Ì15Ï"]
[Site "Loo"]
[Date "2017.04.28"]
[Round "9.39"]
[White "Ïîíòèñ, Ñòàíèñëàâ."]
[Black "Ãàâðèëåíêî, Äàíèèë."]
[Result "0-1"]
[WhiteElo "1693"]
[BlackElo "1546"]
[PlyCount "82"]
[EventDate "2017.04.20"]

1. d4 d5 2. Nf3 Nf6 3. c4 dxc4 4. Qa4+ Nc6 5. Qxc4 e6 6. g3 Qd5 7. Qd3 Nb4 8.
Qd1 Qf5 9. Na3 Qa5 10. Bd2 Ne4 11. Bg2 Nxd2 12. Nxd2 Nc6 13. O-O Bxa3 14. Nc4
Qb4 15. Bxc6+ bxc6 16. Nxa3 Qxb2 17. Nc4 Qb5 18. Ne5 f6 19. Nd3 Qd5 20. Nb4 Qb5
21. Rb1 a5 22. Nd3 Qd5 23. Qa4 Ba6 24. Nf4 Qd6 25. Qxa5 O-O 26. Qb4 e5 27. Qb3+
Kh8 28. dxe5 fxe5 29. Ne6 Rfe8 30. Ng5 Qd5 31. Qc2 e4 32. h4 h6 33. Nh3 Bb5 34.
Rb2 e3 35. f3 Qd2 36. Qxd2 exd2 37. Rxd2 Rxe2 38. Rfd1 Rxd2 39. Rxd2 Kh7 40.
Nf4 Re8 41. Nh5 Re3 {çàïèñü íåðàçáîð~~èâà} 0-1

[Event "Ì15Ï"]
[Site "Loo"]
[Date "2017.04.28"]
[Round "9.40"]
[White "Ãàâðèëèí, Ðîìàí."]
[Black "Öàðüêîâ, Ìèõàèë."]
[Result "1-0"]
[WhiteElo "1668"]
[BlackElo "1471"]
[PlyCount "77"]
[EventDate "2017.04.20"]

1. e4 c6 2. d4 d5 3. Nc3 dxe4 4. Nxe4 Bf5 5. Ng3 Bg6 6. Bc4 Nd7 7. h4 h6 8.
N1e2 Ngf6 9. Nf4 Bh7 10. c3 Nb6 11. Bb3 Nbd5 12. Ngh5 Qd7 13. Nxf6+ Nxf6 14.
O-O Nd5 15. Re1 Nxf4 16. Bxf4 O-O-O 17. Qe2 e6 18. a4 Bd6 19. Be5 Bxe5 20. Qxe5
Rhg8 21. a5 Qd6 22. Qe3 g5 23. h5 Bf5 24. d5 exd5 25. Qxa7 Bd3 26. a6 Bxa6 27.
Rxa6 bxa6 28. Re7 Qxe7 29. Qxe7 Rd7 30. Qc5 Kb7 31. Ba4 Rc8 32. Bc2 Re8 33. g4
Rde7 34. Bd3 Re6 35. Qb4+ Ka7 36. Qa5 R8e7 37. Qxa6+ Kb8 38. Qb6+ Kc8 39. Bf5
1-0

[Event "Ì15Ï"]
[Site "Loo"]
[Date "2017.04.28"]
[Round "9.41"]
[White "Èñìàèëîâ, Àìèð."]
[Black "ßñòðåáîâ, Íèêèòà."]
[Result "1-0"]
[WhiteElo "1893"]
[BlackElo "1602"]
[PlyCount "109"]
[EventDate "2017.04.20"]

1. c4 e5 2. Nc3 Nc6 3. g3 g6 4. Bg2 Bg7 5. e3 d6 6. Nge2 h5 7. h4 Nh6 8. d4 O-O
9. d5 Nb8 10. e4 Nd7 11. Bg5 f6 12. Bd2 b6 13. Qc1 Nc5 14. O-O Kh7 15. b4 Nd7
16. a4 a6 17. a5 f5 18. Bg5 Qe8 19. axb6 cxb6 20. Nb5 Qf7 21. Nxd6 Qg8 22. Be7
f4 23. f3 fxg3 24. Bxf8 Qxf8 25. Nxc8 Rxc8 26. Bh3 Rc7 27. Bxd7 Rxd7 28. c5 Qd8
29. Qg5 Bf6 30. Qxg3 Bxh4 31. Qxe5 Bf6 32. Qg3 h4 33. Qg2 Bxa1 34. Rxa1 bxc5
35. Rxa6 Rd6 36. Ra7+ Rd7 37. Rxd7+ Qxd7 38. Nf4 Qf7 39. Qxg6+ Qxg6+ 40. Nxg6
Kxg6 41. bxc5 Kf7 42. c6 Ke7 43. e5 Nf5 44. Kh2 Ne3 45. d6+ Kd8 46. f4 Nd5 47.
e6 Nf6 48. f5 Ne4 49. d7 Nf6 50. Kh3 Ng8 51. Kxh4 Ne7 52. c7+ Kxc7 53. f6 Nd5
54. f7 Nf4 55. d8=Q+ 1-0

[Event "Ì15Ï"]
[Site "Loo"]
[Date "2017.04.28"]
[Round "9.42"]
[White "Êàðäîíîâ, Áààòð."]
[Black "Êóìàêîâ, Èâàí."]
[Result "1/2-1/2"]
[WhiteElo "1574"]
[BlackElo "1783"]
[PlyCount "79"]
[EventDate "2017.04.20"]

1. d4 d5 2. Nf3 Nc6 3. c4 Bg4 4. e3 e5 5. dxe5 dxc4 6. Qxd8+ Rxd8 7. Bxc4 Nxe5
8. Be2 Bxf3 9. gxf3 Nf6 10. Bd2 Bd6 11. h3 O-O 12. Rg1 Nd5 13. a3 Nb6 14. Bc3
f6 15. f4 Ned7 16. Nd2 Na4 17. Nf3 Nxc3 18. bxc3 Nc5 19. Nd4 Rd7 20. Rg2 c6 21.
Bg4 Rdd8 22. Be2 Rfe8 23. Nf5 Rd7 24. Rd1 Red8 25. f3 Kf8 26. Rxg7 Rxg7 27.
Rxd6 Rxd6 28. Nxd6 Rd7 29. Nf5 Na4 30. c4 Nc3 31. Nd4 Nb1 32. a4 Nc3 33. a5
Nxe2 34. Kxe2 Ke7 35. h4 Kd6 36. Kd3 c5 37. Nb5+ Ke6+ 38. Ke4 a6 39. Nc3 Re7
40. Ne2 1/2-1/2

[Event "Ì15Ï"]
[Site "Loo"]
[Date "2017.04.28"]
[Round "9.43"]
[White "Äàíçàíäîðæèåâ, Áóëàò."]
[Black "Âèíîêóð, Ëåîíèä."]
[Result "1-0"]
[WhiteElo "1754"]
[BlackElo "1572"]
[PlyCount "85"]
[EventDate "2017.04.20"]

1. d4 d5 2. c4 e6 3. Nf3 Nf6 4. Nc3 Nbd7 5. e3 c6 6. Qc2 Be7 7. a3 a5 8. b3 O-O
9. Bd3 dxc4 10. bxc4 c5 11. O-O cxd4 12. exd4 h6 13. h3 b6 14. Bf4 Ba6 15. a4
Rc8 16. Qe2 Nb8 17. Nb5 Nc6 18. Rfd1 Kh8 19. Qe3 Nb4 20. Rac1 Na2 21. Rc2 Nb4
22. Rcc1 Na2 23. Rc2 Nb4 24. Rcd2 Nxd3 25. Qxd3 Bb7 26. Ne5 Bb4 27. Re2 Ne8 28.
Qg3 g5 29. Bc1 Ng7 30. f4 Be7 31. Rf1 Nf5 32. Qd3 Bc6 33. Bb2 Bxb5 34. axb5 Qe8
35. Nc6 Bf6 36. fxg5 Bxg5 37. d5+ Kg8 38. Rxf5 exf5 39. Rxe8 Rfxe8 40. Qxf5
Be3+ 41. Kh2 Bc5 42. Qg4+ Kh7 43. Qg7# 1-0

[Event "Ì15Ï"]
[Site "Loo"]
[Date "2017.04.28"]
[Round "9.44"]
[White "Êëûêîâ, Ãåîðãèé."]
[Black "Êðèâè÷, Èëüÿ."]
[Result "1/2-1/2"]
[WhiteElo "1737"]
[BlackElo "1546"]
[PlyCount "84"]
[EventDate "2017.04.20"]

1. d4 Nf6 2. c4 c5 3. d5 b5 4. cxb5 a6 5. b6 d6 6. Nc3 Nbd7 7. a4 a5 8. e4 g6
9. Nf3 Bg7 10. Qc2 O-O 11. Bb5 Qxb6 12. O-O Ba6 13. Nd2 Rfc8 14. Nc4 Qd8 15.
Bxa6 Rxa6 16. Nb5 Nb6 17. Bd2 Nxc4 18. Qxc4 Raa8 19. Bc3 Nd7 20. Bxg7 Kxg7 21.
Qc3+ Kg8 22. Rfe1 Qb6 23. Kh1 Rab8 24. f4 c4 25. e5 Nc5 26. exd6 Nd3 27. Rf1
exd6 28. h3 Nf2+ 29. Kh2 Ne4 30. Qc2 Nc5 31. Qxc4 Nxa4 32. Qxa4 Qxb5 33. Qxa5
Qxa5 34. Rxa5 Rxb2 35. Ra6 Rcc2 36. Rg1 Rf2 37. Kg3 Rfd2 38. Rxd6 Rb3+ 39. Kh2
Rf2 40. Rd8+ Kg7 41. d6 Rd3 42. d7 Rxf4 1/2-1/2

[Event "Ì15Ï"]
[Site "Loo"]
[Date "2017.04.28"]
[Round "9.45"]
[White "Òîëñòûõ, Äìèòðèé."]
[Black "Ñòÿæêèí, Íèêèòà."]
[Result "1-0"]
[WhiteElo "1569"]
[BlackElo "1703"]
[PlyCount "83"]
[EventDate "2017.04.20"]

1. d4 d5 2. c4 e6 3. Nc3 Nf6 4. Bg5 Be7 5. e3 h6 6. Bxf6 Bxf6 7. cxd5 exd5 8.
Nf3 O-O 9. Bd3 Bg4 10. Qb3 Nd7 11. Nxd5 Nb6 12. Nxb6 axb6 13. Nd2 Re8 14. Ne4
Be6 15. Bc4 Bxd4 16. O-O-O Bxc4 17. Qxc4 Rxe4 18. Rxd4 Rxd4 19. exd4 Qg5+ 20.
Kb1 Re8 21. Rd1 Qxg2 22. Qxc7 Qxf2 23. Qxb7 Re1 24. Qc8+ Kh7 25. Qc2+ Qxc2+ 26.
Kxc2 Re8 27. Kc3 f5 28. d5 g5 29. d6 Kg6 30. Kc4 Kf6 31. Kb5 Ke6 32. d7 Rd8 33.
Kc6 f4 34. Kc7 Rxd7+ 35. Rxd7 f3 36. Rd2 g4 37. Kxb6 h5 38. a4 h4 39. Rf2 Ke5
40. a5 Kd4 41. a6 g3 42. hxg3 1-0

[Event "Ì15Ï"]
[Site "Loo"]
[Date "2017.04.28"]
[Round "9.46"]
[White "Ïàâëè÷åíêî, Íèêèòà."]
[Black "Ãóëèåâ, Ðîìàí."]
[Result "0-1"]
[WhiteElo "1539"]
[BlackElo "1680"]
[PlyCount "60"]
[EventDate "2017.04.20"]

1. d4 Nf6 2. Bf4 g6 3. e3 Bg7 4. Nf3 O-O 5. Be2 d5 6. O-O c5 7. c3 Nc6 8. Ne5
cxd4 9. exd4 Nd7 10. Nxd7 Qxd7 11. h3 a6 12. Bg4 Qd8 13. Bf3 b5 14. b4 Bf5 15.
Nd2 Bd3 16. Re1 a5 17. a3 f6 18. Nb3 Bf5 19. Nc5 axb4 20. axb4 Rxa1 21. Qxa1 e5
22. dxe5 fxe5 23. Bd2 Bxh3 24. gxh3 Rxf3 25. Kg2 Qf6 26. Rf1 Qf5 27. Qa8+ Bf8
28. Rd1 Rxf2+ 29. Kg1 Qf3 30. Qxc6 Qg2# 0-1

[Event "Ì15Ï"]
[Site "Loo"]
[Date "2017.04.28"]
[Round "9.47"]
[White "Áàáàÿí, Àðìàí."]
[Black "Åñèïîâ, Ãåííàäèé."]
[Result "1-0"]
[WhiteElo "1531"]
[BlackElo "1675"]
[PlyCount "59"]
[EventDate "2017.04.20"]

1. e4 Nf6 2. e5 Nd5 3. d4 d6 4. c4 Nb6 5. f4 dxe5 6. fxe5 Nc6 7. Be3 g6 8. Be2
Bg7 9. Nf3 Bg4 10. O-O Qd7 11. Nbd2 O-O 12. Ne4 Rad8 13. Nc5 Qc8 14. h3 Bxf3
15. Bxf3 Nxc4 16. Bf2 N4xe5 17. dxe5 Rxd1 18. Raxd1 Bxe5 19. Bxc6 bxc6 20. Nd7
Bxb2 21. Nxf8 Kxf8 22. Bxa7 Qa8 23. Be3 Qxa2 24. Rf2 Qb3 25. Bh6+ Ke8 26. Rb1
f5 27. Rbxb2 Qd5 28. Bf4 e5 29. Bxe5 Kd7 30. Rbd2 1-0

[Event "Ì15Ï"]
[Site "Loo"]
[Date "2017.04.28"]
[Round "9.48"]
[White "Ïðèøèáèëîâè÷, Ìàòâåé."]
[Black "Ãîçãåøåâ, Ýëüäàð."]
[Result "1/2-1/2"]
[WhiteElo "1664"]
[BlackElo "1475"]
[PlyCount "97"]
[EventDate "2017.04.20"]

1. d4 d5 2. c4 e6 3. Nc3 Nf6 4. Bg5 Be7 5. e3 Nbd7 6. Nf3 O-O 7. cxd5 exd5 8.
Bd3 b6 9. O-O Bb7 10. Rc1 h6 11. Bh4 Ne4 12. Bxe7 Qxe7 13. Qc2 c5 14. dxc5
Ndxc5 15. Nd4 Rac8 16. Qe2 Nxd3 17. Qxd3 Nxc3 18. Rxc3 Qb4 19. Rxc8 Rxc8 20.
Qb3 Qxb3 21. axb3 a6 22. h3 b5 23. Ra1 g6 24. b4 Kf8 25. Nb3 Rc2 26. Nc5 Bc8
27. b3 Rc3 28. Kf1 Ke7 29. Ke1 Rc2 30. Nxa6 Bxa6 31. Rxa6 Rb2 32. Rb6 Rxb3 33.
Rxb5 Ke6 34. Ke2 h5 35. f4 f6 36. g4 hxg4 37. hxg4 g5 38. Rb6+ Ke7 39. f5 Rc3
40. Re6+ Kf7 41. b5 Rb3 42. b6 Rb4 43. Kf3 Rb3 44. Rc6 Ke7 45. Re6+ Kf7 46. Rd6
Ke7 47. Rxd5 Rxb6 48. Rd3 Rb1 49. Rd2 1/2-1/2

[Event "Ì15Ï"]
[Site "Loo"]
[Date "2017.04.28"]
[Round "9.49"]
[White "Îíèùåíêî, Ãåííàäèé."]
[Black "Ñìåëûõ, Ýäâèí."]
[Result "0-1"]
[WhiteElo "1451"]
[BlackElo "1635"]
[PlyCount "88"]
[EventDate "2017.04.20"]

1. Nf3 Nf6 2. d4 d5 3. e3 c6 4. c4 Bf5 5. Nc3 e6 6. Bd2 Nbd7 7. Be2 Be7 8. O-O
O-O 9. Nh4 Be4 10. f3 Bg6 11. Nxg6 hxg6 12. c5 e5 13. Be1 Re8 14. Bg3 Nh5 15.
f4 Nxg3 16. hxg3 exd4 17. exd4 Bf6 18. g4 g5 19. f5 Qc7 20. Qd3 Bd8 21. Bf3 Nf6
22. b4 a6 23. Ne2 Ne4 24. Bxe4 Rxe4 25. Qf3 Bf6 26. Rad1 Rae8 27. Rd2 Qe7 28.
Ng3 Bxd4+ 29. Kh1 Re3 30. Rxd4 Rxf3 31. Rxf3 Qe1+ 32. Kh2 Re3 33. Rxe3 Qxe3 34.
Rd1 Qf4 35. Rb1 Qxg4 36. Rb3 Qh4+ 37. Kg1 Qd4+ 38. Kh2 Qd2 39. a3 a5 40. b5 Qc2
41. bxc6 bxc6 42. Rb8+ Kh7 43. Rf8 f6 44. Rf7 Qc4 0-1

[Event "Ì15Ï"]
[Site "Loo"]
[Date "2017.04.28"]
[Round "9.50"]
[White "Îæåãîâ, Åãîð."]
[Black "Èëüþøèí, Òèìîôåé."]
[Result "1-0"]
[WhiteElo "1632"]
[BlackElo "1376"]
[PlyCount "87"]
[EventDate "2017.04.20"]

1. d4 e6 2. Nf3 f5 3. g3 Nf6 4. Bg2 Nc6 5. c4 d6 6. d5 Ne5 7. Nxe5 dxe5 8. dxe6
Qxd1+ 9. Kxd1 Bxe6 10. Bxb7 Rd8+ 11. Kc2 Bxc4 12. Nc3 Bc5 13. b3 Be6 14. Bb2
Kf7 15. f3 Nd5 16. Bxd5 Bxd5 17. Nxd5 Rxd5 18. Rad1 Bd4 19. Bxd4 exd4 20. Kd3
Rhd8 21. Kc4 Ke6 22. Rd3 Ke5 23. b4 R8d6 24. b5 Rb6 25. f4+ Ke4 26. a4 c6 27.
Rb3 cxb5+ 28. axb5 Rd8 29. Ra1 Rc8+ 30. Kb4 Rc7 31. Rd3 Rbb7 32. Ra6 Rb6 33.
Ra5 Rbb7 34. Ka3 Rb6 35. Ra4 Rd7 36. Kb4 Rbd6 37. Rda3 Rg6 38. Rxa7 Rxa7 39.
Rxa7 Ke3 40. Re7+ Kf2 41. Kc4 Kg2 42. Kxd4 Kxh2 43. Re3 h5 44. Kc5 1-0

[Event "Ì15Ï"]
[Site "Loo"]
[Date "2017.04.28"]
[Round "9.52"]
[White "Ùåïåòîâ, Ìàêñèì."]
[Black "Ìóðòàçèí, Ðàèô."]
[Result "1-0"]
[WhiteElo "1600"]
[BlackElo "1373"]
[PlyCount "78"]
[EventDate "2017.04.20"]

1. d4 e6 2. c4 d5 3. Nc3 c6 4. cxd5 exd5 5. Nf3 Bd6 6. Bg5 f6 7. Bh4 Ne7 8. e3
Bf5 9. Be2 O-O 10. O-O Ng6 11. Bg3 Bxg3 12. hxg3 Nd7 13. Rc1 Nb6 14. Qb3 Rb8
15. Na4 Nxa4 16. Qxa4 a6 17. b4 Be6 18. Bd3 Ne7 19. Qc2 g6 20. Rfe1 Bg4 21. Qc5
Bf5 22. Bf1 Qd7 23. a4 Rbc8 24. Nd2 b5 25. a5 Be6 26. Nb3 Bf7 27. Bd3 f5 28.
Nd2 Qb7 29. Nf3 Rc7 30. Ne5 Rfc8 31. Rc2 Be8 32. Rec1 Kg7 33. Be2 Kg8 34. Qd6
Kg7 35. Bf3 Qb8 36. Rc5 Qb7 37. g4 Qa7 38. g5 Ng8 39. Bxd5 Ne7 1-0